000 00608nam a2200193 a 4500
001 000008130
005 20200929154440.0
008 090915s1998 dr r 000 0 spa d
040 _aDO-SdBNP
_bspa
_cBNPHU
082 _a641.597293
_bC212c
100 1 _aCanaán de Fernández, Kilma
_922069
245 1 0 _aCocinando en casa /
_cKilma Canaán de Fernández.
260 _aSanto Domingo, :
_bCorripio,
_c1998.
300 _a132 p. ;
_c23 cm.
590 _aInventariado, 2018/BT
650 4 _aCocina dominicana
_9192
650 4 _aPreparación de alimentos
_9193
910 _aValidado. Control de calidad. MMOLINA
999 _c7907
_d7907